000 00458nam a2200181Ia 4500
001 20234
005 20260306172751.0
008 260306t2016||||xx |||||||||||||| ||spa||
041 _aESP
082 _a343
_bR84A
100 _aRosas Alcántara, Joel,
_eAUT
245 0 _aCómo el TC reinterpreta el derecho penal y procesal penal
260 _c2016
300 _a443 páginas :
_c25 cm.
650 _aGEN
654 _aCDE
942 _cLIB
_dJUS
_fJUS
_2ddc
_n
999 _c20234
_d20234